000 01033nam a2200265 i 4500
001 bg
100 1 _aDUŚ-SITEK, Marta
245 1 0 _aMechanizmy powstawania nierównowagowych koncentracji ładunków jako źródeł pola elektrycznego w warstwie wierzchniej metali /
_cMarta Duś-Sitek.
260 _aCzęstochowa :
_bWydaw. WIPMiFS PC,
_c2002.
300 _a99 s. :
_bil. ;
_c24 cm.
490 1 _aPrace Naukowe Wydziału Inżynierii Procesowej, Materiałowej i Fizyki Stosowanej / Politechnika Częstochowska. Fizyka ;
_vnr 3
500 _aStreszcz. ang., ros.
504 _aBibliogr.
650 9 _aInżynieria powierzchni
650 9 _aMetale
_xfizyka
650 9 _aPole elektryczne
830 0 _aPrace Naukowe Wydziału Inżynierii Procesowej, Materiałowej i Fizyki Stosowanej (Politechnika Częstochowska).
_pFizyka
020 _a838774560X
040 _cBPK
041 0 _apol
_bengrus
080 _a621.791/.795:538.9:537.2
920 _a83-87745-60-X
942 _cKS
008 s pl f |000 0 pol
999 _c42931
_d42931
856 _uhttp://koha.tu.koszalin.pl/cgi-bin/koha/opac-detail.pl?biblionumber=42931
_yKatalog online BPK